[Event "Summer Cup"]
[Site "Wellington Chess Club"]
[Date "2015.03.12"]
[Round "5"]
[White "Sole, Michael"]
[Black "Farrington, Lawrence"]
[Result "0-1"]
[WhiteElo "1621"]
[BlackElo "1837"]

1. e4 e6 2. d4 d5 3. Nc3 Bb4 4. a3 Bxc3+ 5. bxc3 c5 6. Be3 cxd4 7. Bxd4 Nf6 8.
e5 Nfd7 9. f4 Nc6 10. Bf2 Qa5 11. Qd2 Nc5 12. Bxc5 Qxc5 13. Nf3 b6 14. Nd4 Bd7
15. Nb3 Qe7 16. a4 O-O 17. Bd3 Rac8 18. O-O Na5 19. Nxa5 Qc5+ 20. Kh1 Qxa5 21.
Rf3 g6 22. Ra3 Qc5 23. Qc1 Qe7 24. Rh3 f5 25. Be2 Bc6 26. Qa1 Rc7 27. Ra2 Qc5
28. Qe1 Qe7 29. Rg3 Rf7 30. Qf2 Rg7 31. Kg1 Qc5 32. Qxc5 bxc5 33. c4 d4 34.
Raa3 Rb7 35. Bf3 Be4 36. Bd1 Rb1 37. Kf2 Rxd1 38. Rgb3 Rc7 39. Rh3 Rd2+ 0-1

[Event "Summer Cup"]
[Site "Wellington Chess Club"]
[Date "2015.03.12"]
[Round "5"]
[White "Stoeveken, Peter"]
[Black "Rose, Nathan"]
[Result "1-0"]
[WhiteElo "1829"]
[BlackElo "1469"]

1. d4 f5 2. c4 e6 3. Nc3 Nf6 4. Nf3 b6 5. Bg5 Bb4 6. e3 O-O 7. a3 Bxc3+ 8. bxc3
d6 9. Bd3 Qe8 10. Qc2 Qg6 11. h4 h6 12. Bxf6 Rxf6 13. Ke2 Qh5 14. Rag1 Bb7 15.
Kd2 Nd7 16. Be2 Qf7 17. Rh3 e5 18. Nh2 exd4 19. cxd4 d5 20. g4 fxg4 21. Nxg4
Rg6 22. h5 Re6 23. Rf3 Qxh5 24. Nf6+ Nxf6 25. Rxf6 Qe8 26. Rxe6 Qxe6 27. Rg6
Qd7 28. Bg4 Qe7 29. Be6+ Kh8 30. Qb3 dxc4 31. Bxc4 Rf8 32. f4 Qh4 33. Qb5 Qf2+
34. Be2 Be4 35. Re6 Bf3 36. f5 Qxe2+ 37. Qxe2 Bxe2 38. Kxe2 Rxf5 39. Re7 a5 40.
Rxc7 b5 41. Rc5 Rf6 42. Rxb5 g5 43. Rxa5 Rg6 44. e4 g4 45. Kf2 Re6 46. e5 h5
47. Rb5 h4 48. a4 Rc6 49. a5 Rc2+ 50. Ke3 h3 51. e6 h2 52. e7 Rc8 53. Rh5+ Kg7
54. Rxh2 Re8 55. Kf4 Rxe7 56. Rg2 Kf6 57. Rxg4 Ke6 58. Ke4 Kd6+ 59. Kd3 Ra7 60.
Rg6+ Kc7 61. a6 Kd8 62. Kc4 Re7 63. Kb5 Rd7 64. Rg4 Kc7 65. Kc5 Kb8 66. d5 Ka7
67. Kc6 Rf7 68. Rd4 Kxa6 69. Ra4# 1-0

[Event "Summer Cup"]
[Site "Wellington Chess Club"]
[Date "2015.03.12"]
[Round "5"]
[White "Stone, Andrew"]
[Black "Pomeroy, Arthur"]
[Result "0-1"]
[WhiteElo "2069"]
[BlackElo "2105"]

1. e4 c5 2. d4 cxd4 3. c3 Nf6 4. e5 Nd5 5. cxd4 e6 6. Nf3 d6 7. Bc4 Nb6 8. Bd3
Nc6 9. O-O dxe5 10. dxe5 Nb4 11. Bg5 Qxd3 12. Qxd3 Nxd3 13. Rd1 h6 14. Bh4 g5
15. Nxg5 hxg5 16. Bxg5 Be7 0-1

[Event "Summer Cup"]
[Site "Wellington Chess Club"]
[Date "2015.03.12"]
[Round "5"]
[White "Theodosiou, Andreas"]
[Black "Bennett, Ezra"]
[Result "1-0"]
[WhiteElo "1329"]
[BlackElo "1298"]

1. e4 e5 2. Nf3 Nc6 3. d4 f6 4. Be3 Nge7 5. Nc3 Na5 6. dxe5 f5 7. exf5 Nxf5 8.
Bg5 Be7 9. Bxe7 Qxe7 10. Qd5 d6 11. Qxa5 O-O 12. Bc4+ Be6 13. Nd5 Qf7 14. Ng5
Qg6 15. Nxe6 Qxe6 16. Nf6+ Rxf6 17. Bxe6+ Rxe6 18. O-O-O b6 19. Qd5 Re8 20.
exd6 Nxd6 21. Rhe1 Ne4 22. Rxe4 1-0

[Event "Summer Cup"]
[Site "Wellington Chess Club"]
[Date "2015.03.12"]
[Round "5"]
[White "Van der Hoorn, Mark"]
[Black "Brockway, Andrew"]
[Result "1-0"]
[WhiteElo "2234"]
[BlackElo "1791"]

{ I was expecting to play Ian so was ready for c4. I discover I am playing
Mark. The night before I had showed Mark the line I was going to play. Will he
play c4? Mark says before the game c4? My interpretation he will play something
else. } 1. d4 { What to play now? Mark knows my openings so should I do
something new? } 1... d5 { Yes that will throw him. I will play the Meran
Defense. } 2. e4 { Oops what is this? Guess I will just have to play some
chess. } 2... dxe4 3. Nc3 { I now know we are playing the Blackmar- Diemer
Gambit. A book variation follows. } 3... e5 (3... Nf6 4. f3 c6 5. Bc4 Bf5 6. g4
Bg6 7. g5 b5 8. Bb3 b4 { Clearly I should have worked this out over the board!
} ) 4. Nxe4 Qxd4 5. Bd3 Nc6 6. f4 { Here I was thinking about playing f5 but
was worried about exposing my King. f5 was a good move as per the sample
variation. } 6... Nb4 { Instead I try to counter the expected Nf3 by attacking
his bishop with check and developing my bishop with check. }  (6... f5 7. Ng5
e4 8. Qe2 Bb4+ 9. Kf1 h6 10. Qh5+ Ke7 11. Qf7+ Kd8) 7. Nf3 Nxd3+ 8. cxd3 Bb4+
9. Kf1 Bg4 { I try some trickiness which almost backfires. I am not sure
entering a sharp line is a smart move when playing Mark. What the hell why
shouldn't the pupil take the master on at his own game! } 10. Qa4+ Bd7 11. Qb3
Qb6 12. Nxe5 Be6 13. Qa4+ c6 14. Ke2 { So far so good. The suggested computer
variation that follows is good for me. } 14... Qa5 (14... Be7 15. Re1 Nf6 16.
Nxf6+ Bxf6 17. Kf1 O-O) 15. Nd6+ { Oops I saw this immediately after I made my
move and Mark pounces. } 15... Ke7 16. Qxa5 Bxa5 17. Nxb7 Bb6 18. Nxc6+ Kd7 19.
Nca5 { I capitulate after this but interestingly the computer gives me equality
with the following variation. } 19... Bg4+ (19... Re8 20. Kd2 Bd5 21. b4 Bd4
22. Nc5+ Kc8 23. Rb1 Bxg2 24. Rd1) 20. Kd2 Bxa5+ { Game over. Master says why
didn't you at least try to trap the Knight? I guess the pupil needs more
tuition. Nonetheless I enjoyed the lesson over the board. } 21. Nxa5 Nf6 22.
Nc4 Be6 23. b3 Nd5 24. g3 Kc7 25. Ba3 Rad8 26. Rac1 Kb8 27. Bb2 Nb4 28. Ne5 Bf5
29. d4 Rhf8 30. Rc4 a5 31. Rc5 Rd5 32. Rhc1 f6 33. Nc6+ 1-0

[Event "Summer Cup"]
[Site "Wellington Chess Club"]
[Date "2015.03.12"]
[Round "5"]
[White "Wastney, Scott"]
[Black "Nicholls, Alistair"]
[Result "1-0"]
[WhiteElo "2445"]
[BlackElo "1850"]

1. Nf3 d5 2. d4 Nf6 3. g3 Bf5 4. c4 e6 5. Bg2 Bb4+ 6. Bd2 Bxd2+ 7. Nbxd2 O-O 8.
Qb3 Nc6 9. Qxb7 Qd7 10. cxd5 Nxd5 11. Rc1 Ndb4 12. Ne5 Nxe5 13. Qxb4 Rab8 14.
Qc3 Ng4 15. e4 Bg6 16. Nb3 Qb5 17. Nc5 Rfd8 18. b3 h5 19. Qc4 Qa5+ {Some
mistake here. White won} 1-0

[Event "Summer Cup"]
[Site "Wellington Chess Club"]
[Date "2015.03.19"]
[Round "6"]
[White "Aldridge, Alan"]
[Black "Roberts, Michael"]
[Result "1-0"]
[WhiteElo "1966"]
[BlackElo "1721"]

1. d4 Nf6 2. c4 g6 3. Nc3 d5 4. e3 Bg7 5. Nf3 O-O 6. cxd5 Nxd5 7. Bc4 Nxc3 8.
bxc3 c5 9. O-O Qc7 10. Be2 cxd4 11. cxd4 Nc6 12. Qc2 Qd6 13. Rb1 b6 14. Rd1 Bb7
15. Qa4 Na5 16. Qa3 Qc7 17. Bb2 Rac8 18. Rbc1 Qd6 19. Qxd6 exd6 20. Ba3 Rfd8
21. Nd2 Bd5 22. Ba6 Bb7 23. Bxb7 Nxb7 24. Ne4 d5 25. Nc3 Bf8 26. Bxf8 Kxf8 27.
Nb5 a6 28. Nc7 a5 29. Rc2 Nd6 30. Rdc1 1-0

[Event "Summer Cup"]
[Site "Wellington Chess Club"]
[Date "2015.03.19"]
[Round "6"]
[White "Brockway, Andrew"]
[Black "Theodosiou, Andreas"]
[Result "1-0"]
[WhiteElo "1791"]
[BlackElo "1329"]

1. e4 c5 2. Nc3 e5 3. Bc4 Nf6 4. d3 d6 5. Nge2 Be7 6. O-O O-O 7. f4 Bg4 8. Qe1
Nc6 9. Qg3 a6 10. h3 Bh5 11. f5 Bxe2 12. Nxe2 Kh8 13. c3 b5 14. Bd5 Qb6 15. c4
Rae8 16. Bxc6 Qxc6 17. b3 Rg8 18. Qf3 g6 19. Ng3 Rg7 20. h4 h5 21. Bg5 Rh7 22.
fxg6 fxg6 23. Bxf6+ Kg8 24. Bxe7 Rhxe7 25. Qe3 Kg7 26. Qg5 Re6 27. Nxh5+ Kg8
28. Nf6+ 1-0

[Event "Summer Cup"]
[Site "Wellington Chess Club"]
[Date "2015.03.19"]
[Round "6"]
[White "Dive, Russell"]
[Black "Sellen, Ian"]
[Result "1-0"]
[WhiteElo "2441"]
[BlackElo "2095"]

1. Nf3 d5 2. c4 Nf6 3. cxd5 Nxd5 4. e4 Nf6 5. Nc3 c5 6. Bc4 Nc6 7. e5 Ng4 8. e6
Bxe6 9. Bxe6 fxe6 10. O-O Qd7 11. Re1 Nf6 12. d3 Nd5 13. Ne4 b6 14. a3 h6 15.
Nh4 O-O-O 16. Ng6 Rg8 17. b4 cxb4 18. Bd2 Nf6 19. axb4 Qxd3 20. Qa4 Qd7 21. b5
Nxe4 22. bxc6 Qc7 23. Qxe4 1-0

[Event "Summer Cup"]
[Site "Wellington Chess Club"]
[Date "2015.03.19"]
[Round "6"]
[White "Farrington, Lawrence"]
[Black "Thomas, Ben"]
[Result "0-1"]
[WhiteElo "1837"]
[BlackElo "2230"]

1. e4 d5 2. exd5 Qxd5 3. Nc3 Qd6 4. d4 Nf6 5. Bg5 a6 6. Nf3 Bg4 7. Be2 Nc6 8.
O-O O-O-O 9. Be3 Bxf3 10. Bxf3 Nxd4 11. Bxd4 Qxd4 12. Qe2 Qb6 13. Na4 Qb4 14.
Qe3 Qxa4 15. Qa7 Rd6 16. Qxb7+ Kd7 17. Rfd1 e5 18. b3 Qb5 19. Qa8 Rg8 20. Rxd6+
Bxd6 21. Bg4+ Ke7 22. Qf3 Qd5 23. Qh3 Qd4 0-1

[Event "Summer Cup"]
[Site "Wellington Chess Club"]
[Date "2015.03.19"]
[Round "6"]
[White "Konakanchi, Karthik"]
[Black "Sknar, Andrew"]
[Result "1-0"]
[WhiteElo "1349"]
[BlackElo "1039"]

1. e4 e5 2. Nf3 Nc6 3. Bc4 h6 4. Nc3 Bc5 5. O-O Nf6 6. h3 O-O 7. d3 d6 8. Nd5
Be6 9. Nxf6+ Qxf6 10. Bxe6 Qxe6 11. c3 b5 12. d4 exd4 13. cxd4 Nxd4 14. Nxd4
Bxd4 15. Qxd4 {White won much later} 1-0

[Event "Summer Cup"]
[Site "Wellington Chess Club"]
[Date "2015.03.19"]
[Round "6"]
[White "Meravanage, Satwik"]
[Black "Collings, Alex"]
[Result "1-0"]
[WhiteElo "1300"]
[BlackElo "1089"]

1. e4 e5 2. Nf3 Nc6 3. Bc4 Nf6 4. Nc3 Bb4 5. d3 Bxc3+ 6. bxc3 d5 7. exd5 Nxd5
8. Bg5 f6 9. Bh4 Nxc3 10. Qd2 Nd5 11. h3 Nf4 12. O-O Nd4 13. Nxe5 Qe7 14. Qxf4
Ne2+ 15. Kh1 Nxf4 16. Rae1 g5 17. Nc6 bxc6 18. Rxe7+ Kxe7 19. Re1+ Kd8 20. Bg3
Re8 21. f3 Rxe1+ 22. Bxe1 Rb8 23. Bc3 Rb1+ 24. Kh2 f5 25. Bf6+ Ke8 26. Bxg5 Ne2
27. g4 fxg4 28. hxg4 Nd4 29. Kg3 Rb2 {Can't understand the rest, White somehow
won this} 1-0

[Event "Summer Cup"]
[Site "Wellington Chess Club"]
[Date "2015.03.19"]
[Round "6"]
[White "Pomeroy, Arthur"]
[Black "Croad, Nicolas"]
[Result "0-1"]
[WhiteElo "2105"]
[BlackElo "2366"]

1. e4 e5 2. Nf3 Nc6 3. Bb5 Nf6 4. d3 Bc5 5. O-O d6 6. c3 O-O 7. Nbd2 a6 8. Ba4
Ba7 9. h3 Ne7 10. Re1 Ng6 11. Nf1 Nh5 12. d4 exd4 13. cxd4 Nhf4 14. Be3 d5 15.
e5 f6 16. Qd2 fxe5 17. Nxe5 Qg5 18. Ng3 Nh4 19. Bxf4 Qxf4 20. Qxf4 Rxf4 21. Ne2
Rf8 22. Bd7 Nf5 23. Bxc8 Raxc8 24. Nf3 Rce8 25. Kf1 c6 26. Rad1 Re4 27. Ng3
Nxg3+ 28. fxg3 Rxd4 29. Rxd4 Bxd4 30. Re7 b5 31. Rc7 Rf6 32. b3 h6 33. Ke2 Re6+
34. Kd3 Bf2 35. g4 c5 36. Rd7 d4 37. Rd5 Re3+ 38. Kd2 Rc3 39. h4 c4 40. g5 Be3+
41. Ke2 Rc2+ 42. Kf1 d3 43. g6 Rc1+ 44. Ne1 Kf8 45. Rf5+ Ke7 46. Re5+ Kf6 47.
Rxe3 d2 0-1

[Event "Summer Cup"]
[Site "Wellington Chess Club"]
[Date "2015.03.19"]
[Round "6"]
[White "Stoeveken, Peter"]
[Black "Stone, Andrew"]
[Result "0-1"]
[WhiteElo "1829"]
[BlackElo "2069"]

1. d4 Nf6 2. c4 g6 3. Nc3 d5 4. Bg5 Ne4 5. Nxe4 dxe4 6. e3 c5 7. Qc2 Bf5 8. Ne2
Bg7 9. Rd1 Nc6 10. Qd2 Nb4 11. Nc3 cxd4 12. Nxe4 Qa5 13. f3 Bxe4 14. fxe4 Qxg5
15. Qxb4 Qxe3+ 16. Be2 O-O 17. Qd2 Qxe4 18. O-O Rac8 19. b3 Be5 20. Bf3 Qe3+
21. Qxe3 dxe3 22. Rd3 b5 23. Rfd1 bxc4 24. Rxe3 Bd6 25. bxc4 Bc5 0-1

[Event "Summer Cup"]
[Site "Wellington Chess Club"]
[Date "2015.03.19"]
[Round "6"]
[White "Stracy, Don"]
[Black "Wight, Joshua"]
[Result "1-0"]
[WhiteElo "1863"]
[BlackElo "1328"]

1. e4 e5 2. Nf3 Nc6 3. Bb5 Nge7 4. O-O g6 5. c3 Bg7 6. d4 O-O 7. d5 a6 8. Ba4
b5 9. Bc2 Na5 10. Nbd2 d6 11. Re1 Bg4 12. h3 Bxf3 13. Nxf3 c6 14. dxc6 Naxc6
15. Be3 Qc7 16. Qe2 Rfd8 17. Rad1 Rd7 18. Bb3 Rad8 19. Ng5 d5 20. Qf3 Nc8 21.
Bxd5 Nd6 22. Qe2 Kh8 23. f4 f6 24. Ne6 Qc8 25. Nxd8 Rxd8 26. Bb6 Re8 27. Bc5
Nb7 28. Be3 Bh6 29. fxe5 Bxe3+ 30. Qxe3 Rxe5 31. Rd2 Qc7 32. Red1 f5 33. Bxc6
Qxc6 34. Rd4 Nc5 35. Qh6 Ne6 36. R4d2 Rxe4 37. Rd8+ Nxd8 38. Qf8# 1-0

[Event "Summer Cup"]
[Site "Wellington Chess Club"]
[Date "2015.03.19"]
[Round "6"]
[White "Timergazi, Layla"]
[Black "Rossiter, Philip"]
[Result "1-0"]
[WhiteElo "2074"]
[BlackElo "1935"]

1. d4 Nf6 2. c4 e6 3. Nc3 Bb4 4. e3 c5 5. Ne2 cxd4 6. exd4 d5 7. c5 Nbd7 8. a3
Bxc3+ 9. Nxc3 O-O 10. Bb5 h6 11. O-O Qc7 12. Be3 Rd8 13. Qf3 e5 14. Qg3 Kh8 15.
Bxd7 Qxd7 16. dxe5 Ne8 17. Bd4 Qf5 18. Rad1 a6 19. Rd3 Be6 20. Rf3 Qh7 21. Ne2
Nc7 22. Nf4 Nb5 23. Be3 d4 24. Bd2 Rac8 25. Rc1 Rd7 26. Nxe6 fxe6 27. Rf4 Na7
28. Qf3 Nc6 29. Rf8+ Rxf8 30. Qxf8+ Qg8 31. Qxg8+ Kxg8 32. f4 Kf7 33. Kf2 Kg6
34. Kf3 Ne7 35. Ke4 Nf5 36. g4 Ne7 37. f5+ Kf7 38. Rf1 Nc6 39. b4 d3 40. Bc3 d2
41. Rd1 h5 42. h3 hxg4 43. hxg4 Ne7 44. Rxd2 Nd5 45. Bd4 exf5+ 46. gxf5 Rd8 47.
e6+ Ke7 48. Bxg7 Nf6+ 49. Bxf6+ 1-0

[Event "Summer Cup"]
[Site "Wellington Chess Club"]
[Date "2015.03.19"]
[Round "6"]
[White "Wilkins, Mark"]
[Black "Nyberg, Michael"]
[Result "0-1"]
[WhiteElo "1954"]
[BlackElo "2099"]

{1024MB, Fritz8.ctg } 1. d4 d5 2. c4 c6 3. Nc3 Nf6 4. Bg5 e6 5. cxd5 exd5 6. e3
Bd6 7. Bd3 Nbd7 8. Nge2 Nf8 9. e4 dxe4 10. Nxe4 Bb4+ 11. Kf1 Be7 12. N2g3 Ne6
13. Be3 O-O 14. Qc2 Re8 15. h4 h6 16. Nf5 Ng4 17. Bd2 Nf8 18. Neg3 Ne6 19. Re1
Nxd4 20. Nxd4 Qxd4 21. Bc3 Qd8 22. Nh5 Bf8 23. Rd1 Qb6 24. Rh3 Qxf2+ 25. Qxf2
Nxf2 26. Kxf2 Bxh3 27. gxh3 Bc5+ 28. Kg2 Bf8 29. Bc4 b5 30. Bb3 b4 31. Bd2 Rad8
32. Ng3 a5 33. Bf4 Rxd1 34. Bxd1 Re1 (34... Rd8 35. Bb3 Be7 36. Bc7 Rd1) 35.
Bb3 Be7 36. Bc7 Rb1 37. Bxa5 Rxb2+ 38. Kf3 c5 39. Nf5 Bf8 40. Ne3 Rh2 41. Kg4
h5+ 42. Kxh5 Rxh3 43. Nd5 Rg3 44. Nf4 g6+ 45. Nxg6 Rxg6 46. Bd8 Rg1 47. Bg5 Rg2
48. Bf6 Bg7 49. Be7 Bd4 (49... Be5) 50. Bg5 Kf8 51. Bd5 Rf2 52. Kg4 f5+ 53. Kg3
Kg7 54. h5 Rc2 55. Bf4 c4 56. Bd6 Rc3+ 57. Kf4 b3 58. axb3 cxb3 59. Kxf5 Kh6
60. Ke4 b2 61. Bf4+ Kxh5 62. Ba2 Bg7 0-1

[Event "Summer Cup"]
[Site "Wellington Chess Club"]
[Date "2015.03.26"]
[Round "7"]
[White "Coghini, Phillip"]
[Black "Wilkins, Mark"]
[Result "1/2-1/2"]
[WhiteElo "1747"]
[BlackElo "1954"]

1. d4 Nf6 2. Bg5 Ne4 3. Bf4 c5 4. f3 Nf6 5. d5 Qb6 6. Bc1 g6 7. e4 d6 8. b3 Bg7
9. Bb2 Bd7 10. Nd2 Qa5 11. Ne2 b5 12. a3 Na6 13. Bc3 Qb6 14. Rb1 O-O 15. g4 e5
16. h4 h5 17. g5 Ne8 18. Bh3 Qc7 19. f4 exf4 20. Bxg7 Nxg7 21. Nxf4 Rae8 22.
O-O Bxh3 23. Nxh3 Re5 24. Qf3 Nb8 25. Nf4 Nd7 26. c4 b4 27. a4 Re7 28. Nd3 Ne5
29. Nxe5 Rxe5 30. Rf2 Qe7 31. Rbf1 Ne8 32. Qg3 Kg7 33. Rf6 Qd7 34. R6f4 1/2-1/2

[Event "Summer Cup"]
[Site "Wellington Chess Club"]
[Date "2015.03.26"]
[Round "7"]
[White "Croad, Nicolas"]
[Black "Timergazi, Layla"]
[Result "1-0"]
[WhiteElo "2366"]
[BlackElo "2074"]

1. d4 Nf6 2. c4 g6 3. Nc3 Bg7 4. e4 d6 5. h3 O-O 6. Nf3 e5 7. d5 Nbd7 8. Bg5 h6
9. Be3 Nc5 10. Nd2 a5 11. Be2 Ne8 12. h4 f5 13. h5 g5 14. exf5 Bxf5 15. Bxc5
dxc5 16. Nde4 b6 17. Bd3 Nd6 18. Qe2 Bh7 19. O-O-O Nf5 20. Nd2 Nd4 21. Bxh7+
Kxh7 22. Qd3+ Kh8 23. Nde4 Qe7 24. Kb1 Rad8 25. Ne2 Bf6 26. Nxd4 cxd4 27. Ng3
Bg7 28. Nf5 Qf7 29. g4 b5 30. cxb5 Rxd5 31. Rc1 Rb8 32. a4 c5 33. bxc6 e4 34.
c7 Re8 35. Nxg7 Kxg7 36. Qa6 1-0

[Event "Summer Cup"]
[Site "Wellington Chess Club"]
[Date "2015.03.26"]
[Round "7"]
[White "Jackson, Ross"]
[Black "Thomas, Ben"]
[Result "1-0"]
[WhiteElo "1977"]
[BlackElo "2230"]

1. d4 d5 2. c4 e5 3. dxe5 d4 4. Nf3 Nc6 5. h3 Be6 6. b3 Qd7 7. a3 O-O-O 8. Ra2
Bc5 9. Nbd2 Kb8 10. Ne4 Bb6 11. Rd2 Qe7 12. Ra2 Nxe5 13. Nxe5 Bf5 14. Ng3 Qxe5
15. Nxf5 Qxf5 16. Qd3 {I admit defeat. White won in 39 moves} 1-0

[Event "Summer Cup"]
[Site "Wellington Chess Club"]
[Date "2015.03.26"]
[Round "7"]
[White "Ker, Anthony"]
[Black "Dive, Russell"]
[Result "0-1"]
[WhiteElo "2435"]
[BlackElo "2441"]

1. e4 c6 2. d4 d5 3. exd5 cxd5 4. c4 Nf6 5. Nc3 g6 6. Bg5 Nbd7 7. cxd5 Bg7 8.
Be2 O-O 9. Bf3 Qb6 10. Qd2 a5 11. Nge2 a4 12. O-O Re8 13. Rfe1 Qa5 14. Rad1 Nb6
15. Bxf6 Bxf6 16. b3 axb3 17. axb3 Bg7 18. Qb2 Qb4 19. Na2 Qa3 20. Qxa3 Rxa3
21. Nac1 Bh6 22. Ng3 Kf8 23. Nf1 Rd8 24. Ne3 Bxe3 25. fxe3 Nxd5 26. e4 Nb4 27.
Re3 e5 28. dxe5 Rxd1+ 29. Bxd1 Ra1 30. Rc3 Be6 31. Kf1 Nc6 32. Ke1 Nxe5 33. Nd3
Nxd3+ 34. Rxd3 Bg4 35. h3 Rxd1+ 36. Rxd1 Bxd1 37. Kxd1 Ke7 38. h4 Kd6 39. Kd2
Ke5 40. Ke3 h5 41. g3 f6 42. Kd3 g5 43. Ke3 gxh4 44. gxh4 f5 45. exf5 Kxf5 46.
b4 Kg4 47. b5 Kxh4 48. Kf3 Kg5 49. Kg3 Kf5 50. Kh4 Ke5 51. Kxh5 Kd5 52. Kg4 Kc5
53. Kf3 Kxb5 0-1

[Event "Summer Cup"]
[Site "Wellington Chess Club"]
[Date "2015.03.26"]
[Round "7"]
[White "Rossiter, Philip"]
[Black "Aldridge, Alan"]
[Result "0-1"]
[WhiteElo "1935"]
[BlackElo "1966"]

1. c4 Nf6 2. Nf3 e6 3. Nc3 d5 4. d4 Be7 5. Bg5 O-O 6. e3 Nbd7 7. Bd3 c5 8. cxd5
Nxd5 9. Bxe7 Qxe7 10. O-O Rd8 11. Rc1 Nxc3 12. bxc3 e5 13. Qc2 h6 14. Rfd1 cxd4
15. cxd4 exd4 16. exd4 Nf6 17. Bc4 Nd5 18. Re1 Be6 19. Qb3 Qd6 20. Ne5 Rab8 21.
Qf3 b5 22. Bb3 Rbc8 23. h3 a5 24. Nd3 a4 25. Bc2 Rc3 26. Bb1 Rdc8 27. Qe2 Rxc1
28. Rxc1 Rxc1+ 29. Nxc1 Nc3 30. Qc2 Nxb1 31. Qxb1 Qxd4 32. Ne2 Qc4 33. Qd1 Qxa2
34. Qd8+ Kh7 35. Nd4 Qb1+ 36. Kh2 b4 37. Nc6 f6 38. Qe7 Qe4 39. Nd8 Bd5 0-1

[Event "Summer Cup"]
[Site "Wellington Chess Club"]
[Date "2015.03.26"]
[Round "7"]
[White "Sellen, Ian"]
[Black "Brockway, Andrew"]
[Result "1-0"]
[WhiteElo "2095"]
[BlackElo "1791"]

1. c4 e5 2. Nc3 Nc6 3. Nf3 f5 4. g3 Nf6 5. Bg2 g6 6. O-O d6 7. d3 Bg7 8. Bd2
O-O 9. Qc1 e4 10. dxe4 fxe4 11. Ng5 Qe7 12. Ngxe4 Nxe4 13. Bxe4 Bxc3 14. Bd5+
Be6 15. Qxc3 Bxd5 16. cxd5 Ne5 17. Qd4 Qf6 18. Bc3 Rae8 19. Qxa7 Qf5 20. Qd4
Qh3 21. f4 Rf5 22. fxe5 dxe5 23. Qh4 Qxh4 24. gxh4 Rh5 25. e4 Rxh4 26. Rae1
Rg4+ 27. Kh1 Ra8 28. Bxe5 Rxa2 29. Bc3 Ra4 30. e5 Rg5 31. e6 Ra8 32. e7 Re8 33.
Bb4 Rf5 34. Rxf5 gxf5 35. Rf1 1-0

[Event "Summer Cup"]
[Site "Wellington Chess Club"]
[Date "2015.03.26"]
[Round "7"]
[White "Wastney, Scott"]
[Black "Stone, Andrew"]
[Result "1-0"]
[WhiteElo "2445"]
[BlackElo "2069"]

1. e4 e5 2. Nf3 Nc6 3. Bb5 Bc5 4. O-O Nf6 5. Nxe5 Nxe5 6. d4 O-O 7. dxc5 a6 8.
Bd3 d5 9. cxd6 Qxd6 10. Bf4 Re8 11. Nc3 Qb6 12. Rb1 Ng6 13. Be3 Qd6 14. h3 Nf4
15. Bxf4 Qxf4 16. Qc1 Qh4 17. Qe3 Bd7 18. f4 Bc6 19. Qe1 Qh5 20. e5 Rad8 21.
Qd1 Qxd1 22. Rbxd1 Nd5 23. Nxd5 Bxd5 24. c4 Bc6 25. Rfe1 Rd7 26. Bf5 Rde7 27.
Kf2 f6 28. exf6 Rxe1 29. Rxe1 Rxe1 30. Kxe1 Bxg2 31. Bxh7+ 1-0

[Event "Summer Cup"]
[Site "Wellington Chess Club"]
[Date "2015.04.02"]
[Round "8"]
[White "Wilkins, Mark"]
[Black "Sellen, Ian"]
[Result "0-1"]
[WhiteElo "1980"]
[BlackElo "2060"]

1. d4 d5 2. c4 e6 3. Nc3 Nf6 4. Bg5 Be7 5. cxd5 exd5 6. e3 O-O 7. Qc2 c6 8. Bd3
h6 9. Bh4 Re8 10. Nge2 Nbd7 11. O-O Nf8 12. Kh1 Ne4 13. Bxe7 Qxe7 14. Rae1 Nd6
15. Ng3 Be6 16. f3 Qh4 17. e4 dxe4 18. fxe4 Rad8 19. e5 Nc8 20. Re4 Qe7 21. Qf2
Qd7 22. Nh5 Ne7 23. Nxg7 Kxg7 24. Qf6+ Kg8 25. Qxh6 Neg6 26. Ref4 Bd5 27. Bf5
Qe7 28. Bxg6 fxg6 29. Rf6 Qg7 30. Qf4 Ne6 31. Qf2 Rf8 32. Qg3 Rxf6 33. Rxf6 Rf8
34. Nxd5 cxd5 35. Qf2 Rxf6 36. exf6 Qc7 37. g3 Kf7 38. h4 Qc4 39. g4 Qxd4 40.
Qg2 Kxf6 41. h5 g5 42. Qf1+ Nf4 43. h6 Qe4+ 44. Kg1 Qe3+ 45. Kh2 Qe2+ 46. Kg1
Qxf1+ 47. Kxf1 Kg6 0-1

[Event "Summer Cup"]
[Site "Wellington Chess Club"]
[Date "2015.04.03"]
[Round "6"]
[White "Ker, Anthony"]
[Black "Wastney, Scott"]
[Result "1-0"]
[WhiteElo "2423"]
[BlackElo "2448"]

1. e4 e5 2. Nf3 Nc6 3. d4 exd4 4. Nxd4 Bc5 5. Nxc6 Qf6 6. Qf3 bxc6 7. Nc3 Bd4
8. Bd2 Rb8 9. Bc4 Ne7 10. Qxf6 Bxf6 11. O-O-O d5 12. Bb3 Be6 13. Rhe1 Bd4 14.
Re2 O-O 15. Bg5 Bxc3 16. Bxe7 Rfe8 17. Bc5 Be5 18. Bxa7 Ra8 19. Bd4 Bxd4 20.
Rxd4 c5 21. Rxd5 Bxd5 22. Bxd5 Ra6 23. e5 Kf8 24. Re3 Rd8 25. Bc4 Rh6 26. h3
Rd4 27. b3 Ke7 28. Rf3 f6 29. e6 Rh5 30. a4 Re5 31. a5 Re1+ 32. Kb2 Kd6 33. Kc3
Ra1 34. a6 Ke7 35. Rf5 Rxc4+ 36. Kxc4 Rxa6 37. Rxc5 c6 38. b4 Kxe6 39. Ra5 Rb6
40. Ra7 1-0

[Event "Summer Cup"]
[Site "Wellington Chess Club"]
[Date "2015.04.09"]
[Round "8"]
[White "Bennett, Ezra"]
[Black "Meravanage, Satwik"]
[Result "0-1"]
[WhiteElo "1298"]
[BlackElo "1300"]

1. e4 e5 2. Bb5 Nf6 3. Nc3 c6 4. Bc4 d5 5. exd5 cxd5 6. Bb5+ Bd7 7. d4 Bxb5 8.
Nxb5 e4 9. Ne2 Nbd7 10. Nf4 Nb6 11. Be3 Be7 12. b3 a6 13. Nc3 Rc8 14. Na4 Nxa4
15. bxa4 Qa5+ 16. Bd2 Bb4 17. Rb1 Bxd2+ 18. Qxd2 Qxa4 19. c3 b5 20. O-O O-O 21.
f3 e3 22. Qxe3 Qxa2 23. Nd3 Rxc3 24. Rb2 Qxb2 25. Nxb2 Rxe3 26. Kf2 Rfe8 27.
Nd1 Rd3 28. Nb2 Rd2+ 0-1

[Event "Summer Cup"]
[Site "Wellington Chess Club"]
[Date "2015.04.09"]
[Round "8"]
[White "Croad, Nicolas"]
[Black "Jackson, Ross"]
[Result "1-0"]
[WhiteElo "2366"]
[BlackElo "1977"]

1. d4 d5 2. c4 e6 3. Nc3 c6 4. Nf3 Nd7 5. cxd5 exd5 6. Qc2 Be7 7. Bf4 Ngf6 8.
e3 O-O 9. Bd3 Re8 10. g4 Nf8 11. h3 Ng6 12. Bh2 b6 13. O-O-O Bb4 14. Ne5 Bb7
15. g5 Nd7 16. Nxd7 Qxd7 17. h4 Bd6 18. Bf5 Qe7 19. Ne2 Bxh2 20. Rxh2 Bc8 21.
Ng3 Bxf5 22. Qxf5 Qe6 23. Qf3 c5 24. h5 Nf8 25. Nf5 Qe4 26. Qxe4 dxe4 27. dxc5
Re5 28. Ng3 Rxc5+ 29. Kb1 Rxg5 30. Nxe4 Re5 31. Ng3 Rae8 32. Rg1 Ne6 33. a3 Rg5
34. Rh4 Rd5 35. h6 g6 36. Ne4 1-0

[Event "Summer Cup"]
[Site "Wellington Chess Club"]
[Date "2015.04.09"]
[Round "8"]
[White "List, Robert"]
[Black "Pomeroy, Arthur"]
[Result "0-1"]
[WhiteElo "1663"]
[BlackElo "2105"]

1. e4 c5 2. Nf3 d6 3. d4 cxd4 4. Nxd4 Nf6 5. Nc3 a6 6. Bd3 e5 7. Nf5 Bxf5 8.
exf5 Be7 9. Bc4 O-O 10. O-O Nc6 11. Nd5 Nxd5 12. Bxd5 Qd7 13. g4 Rac8 14. c3
Bd8 15. Qf3 b5 16. g5 Ne7 17. Be4 d5 18. Bxd5 Qxd5 19. Qg4 Rc4 20. f4 Bb6+ 0-1